[Event "Landesklasse Ost 2016/2017"]
[Site "?"]
[Date "2017.01.08"]
[Round "4"]
[White "Fischer, Dennis"]
[Black "Hilbig, Dieter"]
[Result "0-1"]
[WhiteElo "1812"]
[BlackElo "1915"]
[PlyCount "116"]
[EventDate "2017.??.??"]
[WhiteTeam "SV Medizin Erfurt"]
[BlackTeam "ESV Gera"]

1. e4 c5 2. d4 cxd4 3. Qxd4 Nc6 4. Qe3 Nf6 5. Nc3 e5 6. Bd2 Bb4 7. Bc4 O-O 8.
O-O-O Na5 9. Be2 a6 10. Na4 Bxd2+ 11. Rxd2 b5 12. Nb6 Rb8 13. Nd5 Nc6 14. Nf3
Ng4 15. Qc5 Re8 16. h3 Nf6 17. Nxf6+ Qxf6 18. Rhd1 Nd8 19. Qc7 Qb6 20. Qxb6
Rxb6 21. Rd5 f6 22. c4 Rc6 23. c5 Ne6 24. b4 Nf4 25. R5d2 d6 26. Bf1 dxc5 27.
Rc2 c4 28. Rcd2 Kf7 29. a4 Bb7 30. axb5 axb5 31. Ra2 Nd3+ 32. Bxd3 cxd3+ 33.
Kb1 Rc4 34. Nd2 Rxb4+ 35. Rb2 Rxb2+ 36. Kxb2 Rc8 37. Rc1 Rxc1 38. Kxc1 f5 39.
f3 fxe4 40. fxe4 Kg6 41. Kb2 Kg5 42. g3 Kh5 43. Kc3 Bc8 44. Nf3 Bxh3 45. Nxe5
Bf1 46. Nf3 Be2 47. Nd4 Kg4 48. e5 Kxg3 49. e6 Bh5 50. Nf5+ Kf4 51. Nxg7 Bg6
52. e7 Ke3 53. Nf5+ Ke2 54. Nh4 Be8 55. Nf5 d2 56. Nd4+ Ke3 57. Nc2+ Ke4 58.
Kxd2 Ke5 0-1

[Event "Landesklasse Ost 2016/2017"]
[Site "?"]
[Date "2017.01.08"]
[Round "4"]
[White "Liebold, Aaron"]
[Black "Stumm, Rainer"]
[Result "1/2-1/2"]
[WhiteElo "1687"]
[BlackElo "1551"]
[PlyCount "57"]
[EventDate "2017.??.??"]
[WhiteTeam "ESV Gera"]
[BlackTeam "SV Medizin Erfurt"]

1. e4 e6 2. d4 d5 3. Nd2 c5 4. c3 Nc6 5. exd5 exd5 6. Ndf3 Bg4 7. h3 Bh5 8. g4
Bg6 9. Bg2 Nf6 10. Ne2 Bd6 11. Nf4 Be4 12. Be3 cxd4 13. cxd4 Qa5+ 14. Bd2 Qb6
15. Ne2 Bxf3 16. Bxf3 Nxd4 17. Nxd4 Qxd4 18. Bc3 Qxd1+ 19. Rxd1 Be7 20. Bxd5
Nxd5 21. Rxd5 f6 22. O-O Rd8 23. Rfd1 Rxd5 24. Rxd5 Rf8 25. Kg2 Rf7 26. Rd3 Bc5
27. b4 Bb6 28. a4 a6 29. a5 1/2-1/2

[Event "Landesklasse Ost 2016/2017"]
[Site "?"]
[Date "2017.01.08"]
[Round "4"]
[White "Kohl, Gerald"]
[Black "Schubert, Nikita"]
[Result "1/2-1/2"]
[WhiteElo "1703"]
[BlackElo "1704"]
[PlyCount "87"]
[EventDate "2017.??.??"]
[WhiteTeam "SV Medizin Erfurt"]
[BlackTeam "ESV Gera"]

1. d4 Nf6 2. c4 e6 3. Nc3 Bb4 4. Bd2 O-O 5. Nf3 b6 6. g3 Bb7 7. Bg2 d6 8. O-O
Nbd7 9. Rc1 Bxc3 10. Bxc3 Qe7 11. b3 Rfd8 12. Re1 Rac8 13. Nd2 Bxg2 14. Kxg2 d5
15. c5 bxc5 16. dxc5 e5 17. Nf3 e4 18. Nd4 Nb8 19. b4 Qd7 20. a4 Nc6 21. b5
Nxd4 22. c6 Nxc6 23. Bxf6 gxf6 24. Rxc6 d4 25. Rxf6 c6 26. Qc1 Qd5 27. Rxc6
Rxc6 28. bxc6 Rc8 29. c7 Qe5 30. Qb1 Rxc7 31. Qb8+ Kg7 32. Rd1 Qd6 33. a5 Rd7
34. Qb2 Kg8 35. Qd2 Qd5 36. Kg1 Kg7 37. Qb2 f6 38. Qd2 d3 39. exd3 Qxd3 40.
Qxd3 exd3 41. Kf1 Kg6 42. Ke1 Rd5 43. Ra1 Re5+ 44. Kf1 1/2-1/2

[Event "Landesklasse Ost 2016/2017"]
[Site "?"]
[Date "2017.01.08"]
[Round "4"]
[White "Steinmüller, Johannes"]
[Black "Bloß, Ralf"]
[Result "1-0"]
[WhiteElo "1752"]
[BlackElo "1540"]
[PlyCount "37"]
[EventDate "2017.??.??"]
[WhiteTeam "ESV Gera"]
[BlackTeam "SV Medizin Erfurt"]

1. e4 d6 2. d4 Nf6 3. Nc3 g6 4. Nf3 Bg7 5. Be2 O-O 6. O-O Bg4 7. h3 Bxf3 8.
Bxf3 Nbd7 9. Be3 c5 10. dxc5 dxc5 11. Rb1 Rc8 12. Be2 a6 13. f4 e5 14. fxe5
Nxe5 15. Bg5 Qxd1 16. Rbxd1 Rc6 17. Nd5 Nxd5 18. exd5 Rd6 19. Be7 1-0

[Event "Landesklasse Ost 2016/2017"]
[Site "?"]
[Date "2017.01.08"]
[Round "4"]
[White "Kalisch, Michael"]
[Black "Hannewald, Anton"]
[Result "1-0"]
[WhiteElo "2090"]
[BlackElo "1961"]
[PlyCount "49"]
[EventDate "2017.??.??"]
[WhiteTeam "ESV Lok Sömmerda"]
[BlackTeam "SC Rochade Zeulenroda"]

1. e4 c5 2. Nc3 d6 3. f4 g6 4. Nf3 Bg7 5. Bb5+ Bd7 6. Bxd7+ Qxd7 7. d3 Nc6 8.
O-O Nf6 9. Qe1 O-O 10. Bd2 Rac8 11. Qh4 Nd4 12. Rac1 b5 13. a3 b4 14. axb4
Nxf3+ 15. Rxf3 cxb4 16. Nd1 a5 17. f5 Rc5 18. Ne3 Rfc8 19. Rcf1 Rxc2 20. Nxc2
Rxc2 21. Bh6 Rxb2 22. Bxg7 Kxg7 23. fxg6 Qa7+ 24. Kh1 hxg6 25. Rxf6 1-0

[Event "Landesklasse Ost 2016/2017"]
[Site "?"]
[Date "2017.01.08"]
[Round "4"]
[White "Fuchs, Antje"]
[Black "Kühn, Martin"]
[Result "1/2-1/2"]
[WhiteElo "1921"]
[BlackElo "1964"]
[PlyCount "71"]
[EventDate "2017.??.??"]
[WhiteTeam "SC Rochade Zeulenroda"]
[BlackTeam "ESV Lok Sömmerda"]

1. e4 e6 2. d4 d5 3. Nc3 Nf6 4. e5 Nfd7 5. f4 c5 6. Nf3 Nc6 7. Be3 cxd4 8. Nxd4
Bc5 9. Qd2 O-O 10. O-O-O a6 11. h4 Nxd4 12. Bxd4 b5 13. Rh3 b4 14. Ne2 a5 15.
h5 Qc7 16. h6 g6 17. Qe3 Ba6 18. Bxc5 Nxc5 19. Nd4 Ne4 20. Be2 Bxe2 21. Qxe2
Rfc8 22. Re3 a4 23. Kb1 a3 24. Nb5 Qa5 25. b3 Rab8 26. Rxe4 Rxb5 27. Red4 Rbc5
28. R1d2 Rc3 29. Qf2 Qc5 30. R4d3 Rxd3 31. Qxc5 Rxb3+ 32. cxb3 Rxc5 33. Rd4 Rb5
34. Rd2 Rc5 35. Rd4 Rb5 36. Rd2 1/2-1/2

[Event "Landesklasse Ost 2016/2017"]
[Site "?"]
[Date "2017.01.08"]
[Round "4"]
[White "Siegemund, Joachim"]
[Black "Mucha, Annegret"]
[Result "1-0"]
[WhiteElo "2034"]
[BlackElo "1978"]
[PlyCount "63"]
[EventDate "2017.??.??"]
[WhiteTeam "ESV Lok Sömmerda"]
[BlackTeam "SC Rochade Zeulenroda"]

1. e4 c5 2. Nc3 Nc6 3. f4 g6 4. Nf3 Bg7 5. Bb5 Na5 6. d4 a6 7. Be2 cxd4 8. Nxd4
d6 9. Be3 Nf6 10. Nb3 O-O 11. O-O Be6 12. Nxa5 Qxa5 13. a3 Rac8 14. Qd2 Rfe8
15. Rad1 b5 16. f5 Bc4 17. fxg6 hxg6 18. Bd4 Nxe4 19. Qe3 Bxd4 20. Rxd4 Nxc3
21. Bxc4 Rxc4 22. bxc3 Qxc3 23. Rd3 Qe5 24. Qf3 f6 25. Re3 Qc5 26. Kh1 Rxc2 27.
Qe4 Kg7 28. Rg3 g5 29. Rh3 f5 30. Qe6 Qc4 31. Qxf5 Rc1 32. Qxg5# 1-0

[Event "Landesklasse Ost 2016/2017"]
[Site "?"]
[Date "2017.01.08"]
[Round "4"]
[White "Glock, Benjamin"]
[Black "Koksch, Robert"]
[Result "1/2-1/2"]
[WhiteElo "1787"]
[BlackElo "1879"]
[PlyCount "105"]
[EventDate "2017.??.??"]
[WhiteTeam "SC Rochade Zeulenroda"]
[BlackTeam "ESV Lok Sömmerda"]

1. d4 d5 2. c4 c6 3. e3 Nf6 4. Nf3 e6 5. Qc2 Be7 6. b3 O-O 7. Bd3 Nbd7 8. O-O
Re8 9. Nc3 Nf8 10. Bb2 Bd7 11. e4 dxe4 12. Nxe4 Nxe4 13. Bxe4 Bf6 14. Ne5 Qc7
15. Rad1 Rad8 16. Rd3 Bc8 17. Rfd1 Bxe5 18. dxe5 Rxd3 19. Qxd3 Re7 20. Qc3 Rd7
21. Rd6 f5 22. Rxd7 Qxd7 23. Bc2 c5 24. Qe3 b6 25. Bc3 Bb7 26. Qd2 Qxd2 27.
Bxd2 Kf7 28. f4 Nd7 29. Kf2 Nb8 30. Bc3 Nc6 31. g3 h6 32. a3 Nb8 33. b4 Bc6 34.
Ke3 Nd7 35. Bd3 Ke7 36. Be2 g6 37. Bd2 Kd8 38. g4 fxg4 39. Bxg4 Ke7 40. Be1 Kf7
41. h4 h5 42. Be2 Ke8 43. Bd3 Kf7 44. Be4 Bxe4 45. Kxe4 Ke7 46. Kd3 Kd8 47. Kc2
Kc8 48. Kb3 Kb7 49. Bf2 a5 50. Be3 axb4 51. axb4 cxb4 52. Kxb4 Kc6 53. Bd4
1/2-1/2

[Event "Landesklasse Ost 2016/2017"]
[Site "?"]
[Date "2017.01.08"]
[Round "4"]
[White "Kirste, Olaf"]
[Black "Barth, Christian"]
[Result "1-0"]
[WhiteElo "1861"]
[BlackElo "1848"]
[PlyCount "77"]
[EventDate "2017.??.??"]
[WhiteTeam "ESV Lok Sömmerda"]
[BlackTeam "SC Rochade Zeulenroda"]

1. c4 e5 2. Nc3 Nc6 3. g3 f5 4. Bg2 Nf6 5. a3 Be7 6. e3 O-O 7. Nge2 d6 8. O-O
Be6 9. b3 g5 10. d4 Bf7 11. f4 gxf4 12. gxf4 e4 13. d5 Na5 14. Ng3 Qd7 15. Nce2
h5 16. Nd4 Bg6 17. Ne6 Rf7 18. Bh3 Ng4 19. Ra2 Rc8 20. Rg2 Kh8 21. Qc2 b6 22.
Bd2 Nb7 23. Ne2 c5 24. dxc6 Rxc6 25. N2d4 Rc8 26. Bxg4 hxg4 27. h3 Nc5 28. Bc3
Nxe6 29. Nxe6+ Bf6 30. Ng5 Rff8 31. hxg4 fxg4 32. Nxe4 Qe6 33. Bxf6+ Rxf6 34.
f5 Rxf5 35. Qc3+ Re5 36. Rf6 Qe7 37. Nxd6 Rxe3 38. Rf8+ Kh7 39. Qh8# 1-0

[Event "Landesklasse Ost 2016/2017"]
[Site "?"]
[Date "2017.01.08"]
[Round "4"]
[White "Skibbe, Diana"]
[Black "Berger, Nils"]
[Result "0-1"]
[WhiteElo "1935"]
[BlackElo "1709"]
[PlyCount "68"]
[EventDate "2017.??.??"]
[WhiteTeam "SC Rochade Zeulenroda"]
[BlackTeam "ESV Lok Sömmerda"]

1. e4 e6 2. d4 d5 3. Nc3 Nf6 4. e5 Nfd7 5. f4 c5 6. Nf3 Nc6 7. Ne2 Be7 8. g3
O-O 9. Bg2 f6 10. O-O fxe5 11. dxe5 Nb6 12. h3 d4 13. Kh2 a6 14. Nd2 Nd5 15.
Ne4 b5 16. c3 Qb6 17. a4 Bb7 18. cxd4 Nxd4 19. Nxd4 cxd4 20. Qb3 bxa4 21. Qxa4
Bc6 22. Qd1 Rac8 23. Qg4 Bb5 24. Rd1 Rc2 25. Nd6 Nc7 26. Rd2 Rxd2 27. Bxd2 Bxd6
28. Ba5 Qc5 29. Bxc7 Bxc7 30. Qxe6+ Kh8 31. Rd1 Bb6 32. b4 Qc7 33. f5 Re8 34.
Qd5 Qxe5 0-1

[Event "Landesklasse Ost 2016/2017"]
[Site "?"]
[Date "2017.01.08"]
[Round "4"]
[White "Vogel, Alfred"]
[Black "Werner, Daniel"]
[Result "1/2-1/2"]
[WhiteElo "1719"]
[BlackElo "1771"]
[PlyCount "60"]
[EventDate "2017.??.??"]
[WhiteTeam "ESV Lok Sömmerda"]
[BlackTeam "SC Rochade Zeulenroda"]

1. e4 e5 2. f4 exf4 3. Nf3 d5 4. exd5 Nf6 5. Nc3 Nxd5 6. Nxd5 Qxd5 7. d4 Be7 8.
Be2 O-O 9. O-O Bg4 10. Bxf4 c5 11. c4 Qe4 12. Bxb8 Raxb8 13. d5 Bf6 14. Qd2
Rfe8 15. Rae1 Qe3+ 16. Qxe3 Rxe3 17. b3 Rbe8 18. Bd3 Bxf3 19. Rxe3 Rxe3 20.
Rxf3 Rxf3 21. gxf3 h6 22. f4 Be7 23. Kg2 Bd6 24. f5 Kf8 25. h3 Ke7 26. Kf3 Kf6
27. Ke4 b6 28. Be2 Kg5 29. Bf1 Kh4 30. Kf3 Kg5 1/2-1/2

[Event "Landesklasse Ost 2016/2017"]
[Site "?"]
[Date "2017.01.08"]
[Round "4"]
[White "Wiedemann, Volker"]
[Black "Weber, Jakob"]
[Result "1/2-1/2"]
[WhiteElo "1820"]
[BlackElo "1164"]
[PlyCount "51"]
[EventDate "2017.??.??"]
[WhiteTeam "SC Rochade Zeulenroda"]
[BlackTeam "ESV Lok Sömmerda"]

1. Nf3 e6 2. b3 d5 3. Bb2 Nf6 4. e3 Bd7 5. d4 Be7 6. Bd3 O-O 7. O-O c5 8. Nbd2
Nc6 9. a3 b6 10. Ne5 Nxe5 11. dxe5 Ne8 12. c4 g6 13. Nf3 Ng7 14. Rc1 Bc6 15.
Qe2 Qc7 16. cxd5 Bxd5 17. Bc4 Bc6 18. Rfd1 Rab8 19. a4 Qb7 20. Rd2 Qc7 21. Rcd1
Rfe8 22. Bb5 Red8 23. Rxd8+ Rxd8 24. Rxd8+ Bxd8 25. Bxc6 Qxc6 26. Qd3 1/2-1/2

[Event "Landesklasse Ost 2016/2017"]
[Site "?"]
[Date "2017.01.08"]
[Round "4"]
[White "Seidens, Gunter"]
[Black "Schmuck, Helmut"]
[Result "1-0"]
[WhiteElo "1908"]
[BlackElo "2005"]
[PlyCount "53"]
[EventDate "2017.??.??"]
[WhiteTeam "VfL 1990 Gera"]
[BlackTeam "SV Empor Erfurt"]

1. d4 Nf6 2. Nf3 d6 3. Nc3 g6 4. e4 Bg7 5. h3 O-O 6. Be3 Nbd7 7. Qd2 e5 8.
O-O-O exd4 9. Nxd4 Nc5 10. f3 Ne6 11. g4 Nxd4 12. Bxd4 a6 13. h4 h5 14. g5 Ne8
15. Bxg7 Nxg7 16. Kb1 Be6 17. f4 b5 18. Bh3 b4 19. Nd5 Bxd5 20. Qxd5 Rb8 21.
Qc4 Rb5 22. Rhf1 Kh7 23. f5 gxf5 24. exf5 f6 25. g6+ Kh8 26. Qf4 Kg8 27. Qh6
1-0

[Event "Landesklasse Ost 2016/2017"]
[Site "?"]
[Date "2017.01.08"]
[Round "4"]
[White "Taudte, Stefan"]
[Black "Schönfeld, Volker"]
[Result "1-0"]
[WhiteElo "1958"]
[BlackElo "1901"]
[PlyCount "95"]
[EventDate "2017.??.??"]
[WhiteTeam "SV Empor Erfurt"]
[BlackTeam "VfL 1990 Gera"]

1. d4 Nf6 2. c4 g6 3. Nc3 d5 4. Nf3 Bg7 5. Bf4 O-O 6. h3 c5 7. dxc5 Qa5 8. cxd5
Ne4 9. Qc2 Bf5 10. g4 Nxc3 11. gxf5 Ne4+ 12. Nd2 gxf5 13. Rg1 Kh8 14. f3 Qxc5
15. Qxc5 Nxc5 16. Rc1 Nbd7 17. b3 Rac8 18. e3 Nd3+ 19. Bxd3 Rxc1+ 20. Kf2 Rxg1
21. Kxg1 e6 22. Bd6 Rg8 23. Kf2 Be5 24. Bb4 Bg3+ 25. Ke2 Bc7 26. f4 Rg3 27. Bb5
Nb6 28. d6 Bd8 29. Ba5 Rg8 30. Bc3+ f6 31. Nc4 Kg7 32. Bd4 Kf7 33. Na5 a6 34.
Bd3 Nd5 35. Nxb7 Nb4 36. Bc4 Nc6 37. Bc5 Rg2+ 38. Kd3 Rxa2 39. d7 Ra1 40. Nd6+
Kg6 41. Bxe6 Ne7 42. Nb7 Nc6 43. Kc2 Bc7 44. Nd6 Bxd6 45. Bxd6 Nd8 46. Bc4 a5
47. Be7 Nc6 48. Bd5 1-0

[Event "Landesklasse Ost 2016/2017"]
[Site "?"]
[Date "2017.01.08"]
[Round "4"]
[White "Huster, Mike"]
[Black "Nicolai, Tim"]
[Result "1/2-1/2"]
[WhiteElo "1888"]
[BlackElo "1851"]
[PlyCount "39"]
[EventDate "2017.??.??"]
[WhiteTeam "VfL 1990 Gera"]
[BlackTeam "SV Empor Erfurt"]

1. g3 d5 2. Bg2 e5 3. d3 Nc6 4. Nf3 f6 5. Nbd2 Be6 6. e4 d4 7. a3 Nh6 8. Qe2
Qd7 9. b4 Nf7 10. Rb1 g5 11. h3 h5 12. Nb3 b6 13. Nfd2 h4 14. g4 Ne7 15. Nc4
Ng6 16. Bf3 Rd8 17. O-O Be7 18. Rd1 Nd6 19. Nxd6+ cxd6 20. c3 1/2-1/2

[Event "Landesklasse Ost 2016/2017"]
[Site "?"]
[Date "2017.01.08"]
[Round "4"]
[White "Strauch, Martin"]
[Black "Richter, Sven"]
[Result "1/2-1/2"]
[WhiteElo "1766"]
[BlackElo "1952"]
[PlyCount "43"]
[EventDate "2017.??.??"]
[WhiteTeam "SV Empor Erfurt"]
[BlackTeam "VfL 1990 Gera"]

1. e4 c5 2. Nf3 Nc6 3. c3 Nf6 4. e5 Nd5 5. d4 cxd4 6. cxd4 d6 7. Bc4 e6 8. O-O
Be7 9. Qe2 dxe5 10. dxe5 Nb6 11. Nc3 a6 12. Bf4 Nd4 13. Nxd4 Qxd4 14. Be3 Qxc4
15. Bxb6 Qxe2 16. Nxe2 Bd7 17. Nc3 Bc6 18. a3 Bd8 19. Bxd8 Rxd8 20. Rad1 Ke7
21. f3 Rxd1 22. Rxd1 1/2-1/2

[Event "Landesklasse Ost 2016/2017"]
[Site "?"]
[Date "2017.01.08"]
[Round "4"]
[White "Manicke, Hans-Joachim"]
[Black "Geletzke, Hannah"]
[Result "1-0"]
[WhiteElo "1870"]
[BlackElo "1531"]
[PlyCount "81"]
[EventDate "2017.??.??"]
[WhiteTeam "VfL 1990 Gera"]
[BlackTeam "SV Empor Erfurt"]

1. b4 e5 2. Bb2 d6 3. e3 Nf6 4. c4 Bf5 5. Nf3 Nbd7 6. Be2 Be7 7. O-O O-O 8. d3
a5 9. b5 Nc5 10. d4 exd4 11. exd4 Nce4 12. Nbd2 Re8 13. Nxe4 Bxe4 14. Nd2 Bf5
15. Bf3 d5 16. cxd5 Nxd5 17. Nc4 Bf6 18. a4 Ra7 19. Bxd5 Qxd5 20. Ne3 Qd7 21.
Nxf5 Qxf5 22. Rc1 Qf4 23. g3 Qd6 24. Qd2 Raa8 25. Qc2 Rac8 26. Qc4 Re4 27. Rfe1
Qe7 28. Rxe4 Qxe4 29. Bc3 b6 30. Re1 Qb7 31. Bd2 h6 32. Be3 Qe4 33. Rc1 h5 34.
d5 Qxc4 35. Rxc4 Be5 36. Bxb6 Rd8 37. Bxa5 Rxd5 38. Bxc7 Bxc7 39. Rxc7 Rd4 40.
b6 Rd8 41. b7 1-0

[Event "Landesklasse Ost 2016/2017"]
[Site "?"]
[Date "2017.01.08"]
[Round "4"]
[White "Thiemann, Jürgen"]
[Black "Walther, Thomas"]
[Result "1/2-1/2"]
[WhiteElo "1719"]
[BlackElo "1852"]
[PlyCount "34"]
[EventDate "2017.??.??"]
[WhiteTeam "SV Empor Erfurt"]
[BlackTeam "VfL 1990 Gera"]

1. d4 d5 2. Nf3 e6 3. Bg5 f6 4. Bf4 Bd6 5. Bg3 f5 6. e3 Nf6 7. c4 c6 8. Nc3 O-O
9. Bxd6 Qxd6 10. g3 Bd7 11. Ne5 Be8 12. c5 Qc7 13. Be2 Nbd7 14. f4 Ne4 15. Nxe4
fxe4 16. Nxd7 Qxd7 17. b4 a6 1/2-1/2

[Event "Landesklasse Ost 2016/2017"]
[Site "?"]
[Date "2017.01.08"]
[Round "4"]
[White "Drechsel, Uwe"]
[Black "Bethge, Johanna"]
[Result "1-0"]
[WhiteElo "1826"]
[BlackElo "1599"]
[PlyCount "117"]
[EventDate "2017.??.??"]
[WhiteTeam "VfL 1990 Gera"]
[BlackTeam "SV Empor Erfurt"]

1. e4 c5 2. Nf3 d6 3. c3 Nf6 4. e5 dxe5 5. Nxe5 Nbd7 6. Bb5 a6 7. Nxd7 Bxd7 8.
Bxd7+ Qxd7 9. O-O Rd8 10. Na3 e6 11. Qf3 Be7 12. Nc2 Qd3 13. Ne1 Qd5 14. Qxd5
Nxd5 15. d3 O-O 16. Nf3 Bf6 17. Rd1 Rd7 18. d4 cxd4 19. cxd4 Rfd8 20. Bg5 Bxg5
21. Nxg5 Nf4 22. Nf3 Ne2+ 23. Kf1 Nxd4 24. Rac1 g6 25. Nxd4 Rxd4 26. Rxd4 Rxd4
27. Ke2 Kg7 28. Rc7 Rb4 29. b3 g5 30. Rc2 Kg6 31. Rc5 f5 32. Rc7 h5 33. Rd7 h4
34. Rc7 a5 35. Kd3 e5 36. Rc5 e4+ 37. Kc3 Rb6 38. Rxa5 Re6 39. Kd2 Ra6 40.
Rxa6+ bxa6 41. b4 Kf6 42. a4 Ke5 43. b5 axb5 44. axb5 Kd5 45. b6 Kc6 46. Ke3
Kxb6 47. Kd4 Kb5 48. Ke5 f4 49. Kxe4 Kc4 50. h3 Kc3 51. Kf5 Kd2 52. Kxg5 Ke2
53. Kxf4 Kxf2 54. Kg4 Kxg2 55. Kxh4 Kf3 56. Kg5 Ke4 57. h4 Ke5 58. h5 Ke6 59.
Kg6 1-0

[Event "Landesklasse Ost 2016/2017"]
[Site "?"]
[Date "2017.01.08"]
[Round "4"]
[White "Trautmann, Johannes"]
[Black "Fietsch, Roland"]
[Result "1/2-1/2"]
[WhiteElo "1692"]
[BlackElo "1765"]
[PlyCount "20"]
[EventDate "2017.??.??"]
[WhiteTeam "SV Empor Erfurt"]
[BlackTeam "VfL 1990 Gera"]

1. c4 c5 2. Nf3 g6 3. g3 Bg7 4. Bg2 e6 5. Nc3 Ne7 6. O-O d5 7. cxd5 exd5 8. d4
cxd4 9. Nxd4 O-O 10. Bg5 f6 1/2-1/2

[Event "Landesklasse Ost 2016/2017"]
[Site "?"]
[Date "2017.01.08"]
[Round "4"]
[White "Werner, Sebastian"]
[Black "Einax, Claus-Dieter"]
[Result "1-0"]
[WhiteElo "1776"]
[BlackElo "1833"]
[PlyCount "33"]
[EventDate "2017.??.??"]
[WhiteTeam "SSV Vimaria 91 Weimar"]
[BlackTeam "TSG Apolda"]

1. d4 d5 2. Nf3 Nf6 3. e3 g6 4. Bd3 Bg7 5. O-O O-O 6. Nbd2 Nbd7 7. b3 c5 8. Bb2
Re8 9. c4 cxd4 10. exd4 b6 11. Ne5 Bb7 12. Qe2 Rc8 13. Ndf3 Bh6 14. Bc1 Bg7 15.
Nxf7 Qc7 16. Qe6 Qc6 17. Nh6+ 1-0

[Event "Landesklasse Ost 2016/2017"]
[Site "?"]
[Date "2017.01.08"]
[Round "4"]
[White "Krug, Klaus-Peter"]
[Black "Gräf, Michael"]
[Result "0-1"]
[WhiteElo "1825"]
[BlackElo "1850"]
[PlyCount "88"]
[EventDate "2017.??.??"]
[WhiteTeam "TSG Apolda"]
[BlackTeam "SSV Vimaria 91 Weimar"]

1. e4 c6 2. Nc3 d5 3. Nf3 e6 4. d3 Bb4 5. Bd2 Ne7 6. Ne2 Bxd2+ 7. Nxd2 O-O 8.
c3 Nd7 9. Qc2 f5 10. f3 e5 11. O-O-O Nf6 12. g3 fxe4 13. dxe4 Qb6 14. Kb1 Be6
15. Nc1 dxe4 16. Nc4 Qc7 17. fxe4 Nxe4 18. Ne3 Nf2 19. Bc4 Bxc4 20. Nxc4 Nxh1
21. Rxh1 b5 22. Ne3 Nd5 23. Nf5 Ne7 24. Ne3 Rad8 25. Re1 Qd6 26. Re2 Qg6 27.
Nb3 Rf6 28. Qxg6 Nxg6 29. Nc5 Rf3 30. Kc2 Kf7 31. Ne4 h6 32. h4 Ke6 33. h5 Ne7
34. g4 Nd5 35. Nf5 Rxf5 36. gxf5+ Kxf5 37. Nc5 Nf4 38. Re1 Rd5 39. b4 Nxh5 40.
Rg1 e4 41. a3 g6 42. Nb3 Rd6 43. Nd4+ Ke5 44. Ne2 Nf4 0-1

[Event "Landesklasse Ost 2016/2017"]
[Site "?"]
[Date "2017.01.08"]
[Round "4"]
[White "Vogel, Steffen"]
[Black "Siegl, Detlef"]
[Result "1-0"]
[WhiteElo "1820"]
[BlackElo "1725"]
[PlyCount "47"]
[EventDate "2017.??.??"]
[WhiteTeam "SSV Vimaria 91 Weimar"]
[BlackTeam "TSG Apolda"]

1. d4 Nf6 2. Nf3 b6 3. c4 e6 4. Bg5 Be7 5. e3 O-O 6. Nc3 Bb7 7. Be2 d5 8. O-O
dxc4 9. Bxc4 Nbd7 10. Qe2 Ne4 11. Nxe4 Bxe4 12. Bf4 Bd6 13. Bxd6 cxd6 14. Ba6
Nb8 15. Bd3 Bxd3 16. Qxd3 Nd7 17. Rac1 Rc8 18. d5 Nc5 19. Qd2 e5 20. b4 Na4 21.
Rxc8 Qxc8 22. Rc1 Qd7 23. Rc6 Rc8 24. Qc2 1-0

[Event "Landesklasse Ost 2016/2017"]
[Site "?"]
[Date "2017.01.08"]
[Round "4"]
[White "Henzgen, Nick"]
[Black "Mitter, Frank"]
[Result "0-1"]
[WhiteElo "1549"]
[BlackElo "1814"]
[PlyCount "93"]
[EventDate "2017.??.??"]
[WhiteTeam "TSG Apolda"]
[BlackTeam "SSV Vimaria 91 Weimar"]

1. e4 c5 2. Nf3 Nc6 3. g3 d6 4. Bg2 Nf6 5. d3 e5 6. O-O Be7 7. Be3 O-O 8. c3
Bd7 9. Nbd2 Ng4 10. d4 cxd4 11. cxd4 Nxe3 12. fxe3 Rc8 13. Rc1 a6 14. a3 b5 15.
Nb3 Bg4 16. Qd2 Qb6 17. Nh4 g6 18. h3 Bd7 19. Nf3 Rfd8 20. h4 h5 21. Ng5 f6 22.
Nh3 Kg7 23. Rf3 Bg4 24. Rff1 Ra8 25. Nf2 Bd7 26. Nd1 Na7 27. Nc3 Be6 28. Nd5
Bxd5 29. exd5 Rac8 30. Na5 f5 31. Nc6 Nxc6 32. dxc6 exd4 33. exd4 d5 34. Qe3
Bf6 35. Qe6 Qxd4+ 36. Kh2 Qe5 37. Qxe5 Bxe5 38. Rc5 Bxb2 39. Rxd5 Rxd5 40. Bxd5
Kf6 41. Re1 Be5 42. Rb1 Rd8 43. Bg2 Rd3 44. a4 Rxg3 45. Kh1 Rg4 46. axb5 Rxh4+
47. Kg1 {ab hier unklar bzw. nicht leserlich} 0-1

[Event "Landesklasse Ost 2016/2017"]
[Site "?"]
[Date "2017.01.08"]
[Round "4"]
[White "Splittgerber, Frank"]
[Black "Geißler, Gerd"]
[Result "1-0"]
[WhiteElo "1802"]
[BlackElo "1613"]
[PlyCount "65"]
[EventDate "2017.??.??"]
[WhiteTeam "SSV Vimaria 91 Weimar"]
[BlackTeam "TSG Apolda"]

1. d4 Nf6 2. c4 e6 3. Nc3 d5 4. Bg5 Be7 5. e3 O-O 6. Rc1 c6 7. Bd3 dxc4 8. Bxc4
Nbd7 9. Nf3 h6 10. Bh4 b5 11. Bd3 Bb7 12. O-O a6 13. Qe2 c5 14. dxc5 Bxf3 15.
gxf3 Nxc5 16. Bb1 Nfd7 17. Bg3 h5 18. Rfd1 h4 19. Bf4 g5 20. Qc2 f5 21. Bd6 Rc8
22. Qd2 Bxd6 23. Qxd6 Qf6 24. b4 Na4 25. Nxa4 Rxc1 26. Rxc1 Ne5 27. Nc5 Re8 28.
Nd7 Nxf3+ 29. Kg2 Qh6 30. Bxf5 h3+ 31. Kxf3 Kg7 32. Rc7 exf5 33. Ne5+ 1-0

[Event "Landesklasse Ost 2016/2017"]
[Site "?"]
[Date "2017.01.08"]
[Round "4"]
[White "Kroh, Christian"]
[Black "Reichardt, Albert"]
[Result "1-0"]
[WhiteElo "1454"]
[BlackElo "1703"]
[PlyCount "79"]
[EventDate "2017.??.??"]
[WhiteTeam "TSG Apolda"]
[BlackTeam "SSV Vimaria 91 Weimar"]

1. d4 Nf6 2. Nf3 g6 3. c4 c5 4. e3 Bg7 5. Nc3 cxd4 6. exd4 O-O 7. Bf4 b6 8. Be2
Bb7 9. Rc1 d5 10. O-O Na6 11. Qa4 Nc7 12. Bxc7 Qxc7 13. cxd5 Qf4 14. g3 Qf5 15.
Nh4 Qh3 16. Bf3 g5 17. Bg2 Qg4 18. h3 Qd7 19. Qxd7 Nxd7 20. Nf5 Bf6 21. Nb5 a6
22. Rc7 axb5 23. Rxb7 Rfd8 24. a3 Rac8 25. Re1 Kf8 26. Re2 Rc1+ 27. Kh2 Rd1 28.
Bh1 h5 29. Bf3 h4 30. gxh4 gxh4 31. Rxe7 Bxe7 32. Bxd1 Bg5 33. Bg4 Bc1 34. Nxh4
Nf6 35. Rxb6 Nxd5 36. Rxb5 Nf4 37. Nf5 Nd3 38. Rb3 Nxf2 39. Bf3 Rc8 40. Kg2 1-0

[Event "Landesklasse Ost 2016/2017"]
[Site "?"]
[Date "2017.01.08"]
[Round "4"]
[White "Petigk, Falk"]
[Black "Schroeter, Matthias"]
[Result "1/2-1/2"]
[WhiteElo "1703"]
[BlackElo "1576"]
[PlyCount "47"]
[EventDate "2017.??.??"]
[WhiteTeam "SSV Vimaria 91 Weimar"]
[BlackTeam "TSG Apolda"]

1. e4 d5 2. exd5 Qxd5 3. Nc3 Qa5 4. d4 Nf6 5. Bc4 c6 6. Bd2 Qc7 7. Qe2 Bf5 8.
O-O-O e6 9. Nf3 Nbd7 10. Nh4 Bg6 11. Nxg6 hxg6 12. d5 Nxd5 13. Nxd5 cxd5 14.
Bxd5 O-O-O 15. Bf3 Bd6 16. h3 Ne5 17. Be4 Qc4 18. Qxc4+ Nxc4 19. Bd3 Nxd2 20.
Kxd2 Be5 21. c3 Rd6 22. Kc2 Rhd8 23. Rhe1 Bf6 24. Re4 1/2-1/2

[Event "Landesklasse Ost 2016/2017"]
[Site "?"]
[Date "2017.01.08"]
[Round "4"]
[White "Gerlach, Dieter"]
[Black "Assmann, Winfried"]
[Result "0-1"]
[WhiteElo "1673"]
[BlackElo "1562"]
[PlyCount "110"]
[EventDate "2017.??.??"]
[WhiteTeam "TSG Apolda"]
[BlackTeam "SSV Vimaria 91 Weimar"]

1. e4 g6 2. d4 Bg7 3. Nf3 d6 4. c4 Nf6 5. Nc3 O-O 6. Be2 Nc6 7. O-O e5 8. h3
exd4 9. Nxd4 Nxe4 10. Nxc6 Nxc3 11. Nxd8 Nxd1 12. Nxb7 Nxb2 13. Rb1 Bxb7 14.
Bxb2 Bxb2 15. Rxb2 Bc6 16. Rfb1 Rfe8 17. Bf1 Be4 18. Re1 Bf5 19. Re3 Rab8 20.
Rxe8+ Rxe8 21. g4 Be4 22. Bg2 Bxg2 23. Kxg2 Re4 24. Rc2 Rd4 25. Rc3 Kf8 26. Kf3
Ke7 27. c5 d5 28. Ra3 Rc4 29. Ra5 Kd7 30. Rxa7 Rxc5 31. Ke3 Rc3+ 32. Kd4 Rxh3
33. Kxd5 Rf3 34. Ke4 Rxf2 35. a4 f5+ 36. gxf5 Rxf5 37. Ra8 h5 38. a5 h4 39. a6
Ra5 40. Kf4 Kc6 41. Rg8 Rxa6 42. Rxg6+ Kb7 43. Rg2 c5 44. Ke4 Rd6 45. Rh2 Kc6
46. Ke3 Rd4 47. Rg2 Kb5 48. Rg8 Kc4 49. Rh8 h3 50. Ke2 Rd3 51. Rh5 Ra3 52. Kd1
h2 53. Rh4+ Kb5 54. Kc2 Ra1 55. Kb2 h1=Q 0-1